Informe sucinto sobre la actividad del Comité Internacional de la Cruz Roja: 1§ Julio 1947 - 31 diciembre 1951
Uloženo v:
| Korporativní autor: | |
|---|---|
| Médium: | Kniha |
| Jazyk: | španělština |
| Vydáno: |
Ginebra
Comité Internacional de la Cruz Roja
1952
|
| Témata: | |
| Tagy: |
Přidat tag
Žádné tagy, Buďte první, kdo vytvoří štítek k tomuto záznamu!
|
MARC
| LEADER | 00000nam a2200000 a 4500 | ||
|---|---|---|---|
| 001 | UCT9546 | ||
| 003 | CL-VaPUC | ||
| 005 | 20231117122543.0 | ||
| 008 | 970404e19520000sz 1 spa d | ||
| 082 | 0 | 4 | |a 341.6 |b COM |2 21 |
| 110 | 2 | |a Comité Internacional de la Cruz Roja |e author |9 618308 | |
| 245 | 1 | 0 | |a Informe sucinto sobre la actividad del Comité Internacional de la Cruz Roja: 1§ Julio 1947 - 31 diciembre 1951 |
| 260 | |a Ginebra |b Comité Internacional de la Cruz Roja |c 1952 | ||
| 300 | |a 123 p | ||
| 583 | |a last modification |c 20161003 07:26:30 |k Rodrigo Vera | ||
| 650 | 0 | 0 | |a Derecho internacional |9 255637 |
| 650 | 0 | 7 | |a CRUZ ROJA |2 CL-VaPUC |9 618309 |
| 650 | 0 | 0 | |a Informes |9 334810 |
| 650 | 0 | 0 | |a Prisioneros de guerra |9 350908 |
| 650 | 0 | 0 | |a Derecho internacional |9 255637 |
| 942 | |c BK | ||
| 945 | |a lriquelm |d 19970404 00:00:00 | ||
| 546 | |a En Español | ||
| 518 | |p Conferencia Internacional de la Cruz Roja, 18, Toronto, Julio - Agosto 1952 | ||
| 999 | |c 382888 |d 382886 | ||
| 952 | |0 0 |1 0 |4 0 |6 341_600000000000000_COM_1952 |7 0 |8 A |9 504824 |a BIBDER |b BIBDER |d 2020-01-23 |i 1825100 |o 341.6 COM 1952 |p 1825100 |r 2023-01-25 |w 2020-01-23 |y BK |k DER | ||